| 000 | 00816nam a2200253Ia 4500 | ||
|---|---|---|---|
| 003 | OSt | ||
| 005 | 20221005104458.0 | ||
| 006 | a|||||r|||| 00| 0 | ||
| 007 | ta | ||
| 008 | 221004b |||||||| |||| 00| 0 san d | ||
| 024 | _a32715 | ||
| 037 | _cTextual | ||
| 040 |
_aCRL _cCRL _bsan |
||
| 041 |
_2san _asan |
||
| 082 | _aO15,6x, L2 | ||
| 100 | _aविश्वनाथ | ||
| 245 | 0 | _aआदर्श-प्रस्ताव-रत्नमाला | |
| 246 | _aĀdarsha-prastāva-ratnamālā | ||
| 260 |
_aदिल्ली _bमोतीलाल बनारसीदास भारत _c1972 |
||
| 300 |
_a453पृ. _ccm. |
||
| 650 | _aसंस्कृत साहित्य | ||
| 942 |
_hO15,6x, L2 _cTEXL _2cc |
||
| 999 |
_c1012827 _d1012827 |
||